000 01145nam a2200265 a 4500
001 000007954
005 20200929154351.0
008 090914s1999 dr ad 000 0 spa d
040 _aDO-SdBNP
_bspa
_cBNPHU
082 _a330.97293
_bE19i
245 0 0 _aEconomía, instituciones y sociedad.
260 _aSanto Domingo :
_bFundación siglo 21,
_c1999.
300 _a426 p. :
_bil., gráf. ;
_c27 cm.
490 1 _aEconómia, instituciones & sociedad ;
500 _aAuspiciado por Universidad INTEC y Fundación Tecnológica
590 _aInventariado, 2018/ YL
500 _aEste libro contiene los artículos publicados por la Fundación Siglo 21 desde marzo de 1997 hasta diciembre de 1998.
500 _aIncluye referencias bibliográficas y notas al pie de las páginas
651 4 _aRepública Dominicana
_xPolítica Económica
_9643
651 4 _aRepública Dominicana
_xCondiciones Económicas
_y1961-
_97344
651 4 _aRepública Dominicana
_xCondiciones Sociales
_946
710 2 2 _aInstituto Tecnológico Dominicano
_921764
830 0 _aEconómia, instituciones & sociedad ;
_921765
910 _aValidado. Control de calidad MFF
999 _c7732
_d7732